Regions of Ghana with a Map - Statistics

General Stats
  • This quiz has been taken 1,690 times
  • The average score is 8 of 16
Answers on the Map
Answers color-coded by a green-red scale on the quiz's map according to % correct below.
 
Answer Stats
Region % Correct
Greater Accra
90%
Northern
77%
Western
76%
Eastern
73%
Central
61%
Volta
61%
Ashanti
50%
North East
48%
Upper East
48%
Upper West
48%
Savannah
42%
Bono
41%
Bono East
34%
Oti
34%
Ahafo
28%
Western North
27%
No matching quizzes found
Score Distribution
Percent of People with Each Score
Percentile by Number Answered
Your Score History
You have not taken this quiz